Bytový dom
Salvato in:
| Autore principale: | |
|---|---|
| Altri autori: | |
| Natura: | Manoscritto Libro |
| Lingua: | slovacco |
| Pubblicazione: |
2021
|
| Soggetti: | |
| Accesso online: | http://is.stuba.sk/zp/portal_zp.pl?podrobnosti=149132 https://opac.crzp.sk/?fn=detailBiblioForm&sid=C5B0443D08DFEDB2320B0A49A386 |
| Tags: |
Nessun Tag, puoi essere il primo ad aggiungerne!!
|
MARC
| LEADER | 00000ntm a22000003a 4500 | ||
|---|---|---|---|
| 001 | stuzp83856 | ||
| 003 | SK-STU | ||
| 005 | 20230510140919.2 | ||
| 007 | ta | ||
| 008 | 150427s2015----xo-----f-mn---000-0-slo-d | ||
| 040 | |a STU |b slo | ||
| 041 | 0 | |a slo | |
| 100 | 1 | |a Balášková, Kristína |u 010270 |4 aut |U SvF Stavebná fakulta |T SvF Katedra technológie stavieb |X 97587 |U V270 |Y 28 |7 97587 | |
| 242 | 0 | 1 | |a Flat House |y eng |
| 245 | 1 | 0 | |a Bytový dom |
| 260 | |c 2021 | ||
| 650 | 4 | |a interiérová zelená stena |2 slo | |
| 650 | 4 | |a živá stena |2 slo | |
| 650 | 4 | |a bytový dom |2 slo | |
| 650 | 4 | |a monolitické konštrukcie |2 slo | |
| 650 | 4 | |a projekt organizácie výstavby |2 slo | |
| 650 | 4 | |a časový plán |2 slo | |
| 650 | 4 | |a monolithic construction |2 eng | |
| 650 | 4 | |a flat house |2 eng | |
| 650 | 4 | |a construction organization structure |2 eng | |
| 650 | 4 | |a time schedule |2 eng | |
| 650 | 4 | |a interior green wall |2 eng | |
| 650 | 4 | |a live wall |2 eng | |
| 700 | 1 | |a Matúšek, Richard |u 010270 |k Z8 |4 ths |U SvF Stavebná fakulta |T SvF Katedra technológie stavieb |X 17812 |U V270 |Y 28 |7 A000017812 | |
| 856 | 4 | |u http://is.stuba.sk/zp/portal_zp.pl?podrobnosti=149132 | |
| 856 | 4 | |u https://opac.crzp.sk/?fn=detailBiblioForm&sid=C5B0443D08DFEDB2320B0A49A386 | |